000 00439nam a2200169Ia 4500
005 20250508151030.0
008 008 250505s9999 xx 000 0 eng d
037 _aTextual
040 _aFEDL
_beng
_cFEDL
041 _aeng
_2eng
084 _a910.7, CRA
_qFEDL
100 _aCrawford C
245 0 _aModern methods in teacher geography
300 _axi,306p.
942 _cTEXL
_h910.7, CRA
999 _c1327168
_d1327168